社史II(昭和36年~50年)
Guardat en:
| Autor corporatiu: | |
|---|---|
| Format: | Llibre |
| Idioma: | Undetermined |
| Publicat: |
東京
富士通株式会社
1976
|
| Matèries: | |
| Etiquetes: |
Afegir etiqueta
Sense etiquetes, Sigues el primer a etiquetar aquest registre!
|
| Thư viện lưu trữ: | Trung tâm Học liệu Trường Đại học Cần Thơ |
|---|
| LEADER | 00515nam a2200193Ia 4500 | ||
|---|---|---|---|
| 001 | CTU_94401 | ||
| 008 | 210402s9999 xx 000 0 und d | ||
| 082 | |a 338.8 | ||
| 082 | |b S533 | ||
| 110 | |a 富士通株式会社 | ||
| 245 | 0 | |a 社史II(昭和36年~50年) | |
| 245 | 0 | |c 富士通株式会社 | |
| 260 | |a 東京 | ||
| 260 | |b 富士通株式会社 | ||
| 260 | |c 1976 | ||
| 650 | |a Corporations | ||
| 650 | |x Japan | ||
| 904 | |i Ngoc | ||
| 980 | |a Trung tâm Học liệu Trường Đại học Cần Thơ | ||